000 01322nam a2200337 a 4500
001 000113499
003 CHAP
005 20220329144357.0
008 170726s2016 mx sm |||||||spa d
010 _a109960
011 _a110932
040 _cCHAP
090 _aTesis
100 1 _aLópez Arenas, Yantzin
_9132837
245 1 0 _aSituaciación actual y perspectivas de la exportación de frutas tropicales de México a Estados Unidos de América
_h[En línea]
_cpor Yantzin López Arenas.
260 _aChapingo, Méx. :
_bEl autor,
_c2016.
500 _aPara ver el contenido del material haga clic en la liga
502 _aTesis (Lic. en Comercio Internacional) -- UACH. División de Ciencias Económico Administrativas
590 _aBATCH-UPD
_b05
_c20170726
_lUCH01
_h0839
590 _aBATCH-UPD
_b10
_c20170726
_lUCH01
_h1121
590 _aE11695DGD
_b10
_c20170726
_lUCH01
_h1120
590 _aE5765TAJ
_b05
_c20170726
_lUCH01
_h0838
650 1 4 _aFrutas tropicales
_xBalanza comercial.
_9132835
650 1 4 _aFrutas tropicales
_xExportación.
_9132834
650 1 4 _aFrutas tropicales
_xMercadeo
_zE.U.A.
_9132833
650 1 4 _aFruticultura
_xAspectos económicos
_zMéxico.
_943701
856 _aFinding aid
_uhttp://10.13.5.2/tesis/sist113499.pdf
_zTeclea aquí
901 _aBK
942 _cTESIS
942 _n0
999 _c109960
_d109960